000 00817nam a2200253Ia 4500
003 OSt
005 20220927105340.0
006 a|||||r|||| 00| 0
007 ta
008 220926b |||||||| |||| 00| 0 eng d
020 _a9780195474787
024 _a192971
037 _cReference Collections
040 _aRTL
_cRTL
_beng
041 _2eng
_aeng
082 _a"Y11:3(MY2121):9B.2, P7"
100 _aKHAN Ali
_9371873
245 0 _aRepresenting children
_b" Power, policy and the discourse on child labour in the football manufacturing industry of Pakistan"
260 _aOxford
_bOxford University Press
_c2007
300 _a"xviii, 221p"
_ccm.
500 _aBibliography: P 201-14
942 _h"Y11:3(MY2121):9B.2, P7"
_cCC
999 _c692035
_d692035